Tous les drapeaux Européens - Mort Subite - Statistiques

Statistiques générales
  • Ce quiz a été pris 2 454 fois
  • Le résultat moyen est 28 sur 45
Answers on the Grid
Answers color-coded by a green-red scale on the quiz's grid according to % correct below.
 
Statistiques - réponses
Réponse % Correct
Islande
88%
Serbie
84%
Malte
80%
France
79%
Ukraine
78%
Russie
75%
Kosovo
69%
Royaume Uni
69%
Roumanie
68%
Suisse
68%
Norvege
67%
Allemagne
67%
Suede
67%
Espagne
65%
Portugal
65%
Italie
64%
Pays bas
64%
Finlande
64%
Belgique
64%
Grece
63%
Slovaquie
63%
Croatie
63%
Luxembourg
62%
Danemark
62%
Pologne
61%
République Tcheque
61%
Monaco
60%
Estonie
59%
Albanie
59%
Lettonie
58%
Saint Marin
58%
Bulgarie
58%
Vatican
58%
Autriche
57%
Macédoine du Nord
57%
Slovenie
57%
Andorre
56%
Hongrie
56%
Bosnie and Herzegovia
56%
Liechtenstein
53%
Littuanie
51%
Irlande
51%
Moldavie
49%
Montenegro
49%
Bielorussie
47%
Aucun quiz correspondant
Distribution des résultats
% des personnes avec chaque résultat
Percentile par nombre de réponses
Votre historique - résultats
Vous n’avez pas pris ce quiz